00337pam a2200133a 44500008004100000020001800041082001600059100002400075245004100099250001200140260003200152300001000184502000900194230405s2015 xxu||||| |||| 00| 0 eng d a9789351524076 a610.73bBAS aBasavanthappa, B.T. aHandbook of Medical Surgical Nursing a3rd Ed. aNew DelhibJaypee Pubc2015 a522 p atext